Sports Quiz

Random Sports or NFL Quiz

Any NFL Team Besides the Browns Quiz Stats

 Plays Quiz Updated Jan 1, 2020

Support Sporcle.
Go Orange.
Score 0/16 Timer 02:00
0 Plays Today
Hint Answer % Correct
Is in AFC NorthCincinnati Bengals
95.4%
In a state that borders KentuckyCincinnati Bengals
95.4%
Is located in a city that begins with 'C'Cincinnati Bengals
95.4%
Is in AFC NorthPittsburgh Steelers
92.6%
Is in AFC NorthBaltimore Ravens
88.7%
In a state that borders KentuckyChicago Bears
85.3%
Is located in a city that begins with 'C'Chicago Bears
84.9%
In a state that borders KentuckyTennessee Titans
83.8%
Hint Answer % Correct
Has had a winless seasonDetroit Lions
79.7%
In a state that borders KentuckyIndianapolis Colts
76.2%
Is located in a city that begins with 'C'Carolina Panthers
76.1%
Has had a winless seasonIndianapolis Colts
73.6%
In a state that borders KentuckyKansas City Chiefs
60.8%
Has had a winless seasonTampa Bay Buccaneers
55.5%
Has had a winless seasonDallas Cowboys
38.1%
Has had a winless seasonArizona Cardinals
37.5%

You're not logged in!

Compare scores with friends on all Sporcle quizzes.
OR
Log In
Forgot?

From the Vault

Unique Letter NFL Teams

by sproutcm

Sports 30s
The letter isn't the only unique thing about these teams.
Remove Ads.
Support Sporcle.
Get the best of Sporcle when you Go Orange. This ad-free experience offers more features, more stats, and more fun while also helping to support Sporcle. Thank you for becoming a member.

Show Comments

Extras

Top Quizzes Today


Score Distribution

Your Account Isn't Verified!

In order to create a playlist on Sporcle, you need to verify the email address you used during registration. Go to your Sporcle Settings to finish the process.

Report this User

Report this user for behavior that violates our Community Guidelines.

Details: